000 00807nab a2200229 a 4500
005 20210219162052.0
008 991125s1985 mx 000 0 spa u
035 _aUPN01000197162
049 _aART
222 _aREVISTA DE INVESTIGACION EDUCATIVA
245 _aLa autoeficacia docente e investigadora del profesorado universitario : relación con su estilo docente e influencia en sus concepciones sobre el nexo docencia-investigación
260 _aMurcia, España
300 _a169-186
362 0 _a2014 Vol. 32, no. 1, ene.
653 0 _aAUTOEFICACIA DOCENTE
653 0 _aINVESTIGACION EDUCATIVA
653 0 _aPRACTICA DOCENTE
700 1 _aTesouro, Montse,
_ecoaut.
700 1 _umontse.tesouro@udg.edu
856 1 _uhttp://revistas.um.es/rie/article/view/172771
905 _aArticulo
999 _c169263
_d169263